| 000 | 01712nam0a22003851 4500 | ||
|---|---|---|---|
| 001 | v19\rc\1459642 | ||
| 005 | 20260406064139.0 | ||
| 035 | _a(NLR Aleph) 005213403 | ||
| 090 |
_a5432125 _c5432125 |
||
| 100 | _a20060620d1875 |||y0rusy50 ca | ||
| 101 | 1 |
_arus _cfre |
|
| 102 | _aRU | ||
| 105 | _ay z ||||| | ||
| 200 | 1 |
_aМаленький человек _eИстория одного ребенка _eПер. с фр. _fАльфонс Додэ |
|
| 210 |
_aСанкт-Петербург _cтип. П.П. Меркульева _d1875 |
||
| 215 |
_a366 с. _d20 |
||
| 225 | 1 |
_aДля легкого чтения _iСер. 2 _vТ. 21 |
|
| 300 | _aЗагл. ориг.: Le petit chose | ||
| 300 | _aПер. также под загл.: История одного мальчика, История одного ребенка, Карапузик, Малыш, Малютка | ||
| 451 | 0 |
_12001#$aИстория одного мальчика _tИстория одного мальчика |
|
| 451 | 0 |
_12001#$aИстория одного ребенка _tИстория одного ребенка |
|
| 451 | 0 |
_12001#$aКарапузик _tКарапузик |
|
| 451 | 0 |
_12001#$aМалыш _tМалыш |
|
| 451 | 0 |
_12001#$aМалютка _tМалютка |
|
| 454 | 0 |
_12001#$aLe petit chose _tLe petit chose |
|
| 532 | 1 | 3 | _aМаленький человек |
| 700 | 1 |
_8rus _7ca _aДоде _bА. _f1840-1897 _gАльфонс _3RU\NLR\AUTH\7723718 _96771 |
|
| 801 | 2 |
_aRU _bNLR _c20090701 _2rusmarc |
|
| 801 | 0 |
_aRU _bNLR _c20060620 _gpsbo |
|
| 801 | 0 |
_aRU _bRuMoRGB _c20060620 _2psbo |
|
| 801 | 1 |
_aRU _bProSoft-M _c20060620 _2rusmarc |
|
| 852 |
_aNLR _j18.235.2.44(т. 21) |
||
| 942 | _cBOOK | ||
| 980 | _aNB | ||